| 000 | 00433nam a2200133Ia 4500 | ||
|---|---|---|---|
| 008 | 170516s9999 xx 000 0 und d | ||
| 245 | _aExogenous Microparticles of Iron Oxide Bind to Activated Endothelial Cells but, Unlike Monocytes, Do Not Trigger an Endothelial Response | ||
| 260 | _bTheranostics | ||
| 260 | _c2013 | ||
| 300 | _a3:6 | ||
| 650 | _xMedical Technology | ||
| 650 | _xMedtech | ||
| 856 | _uhttp://www.thno.org/v3i6 | ||
| 999 |
_c330250 _d330250 |
||